000 01071nam a2200337 i 4500
003 EG-GICUC
005 20260323232649.0
008 260323s1974 us ||||fr|||| 00| 0 eng d
040 _aEG-GiCUC
_beng
_cEG-GiCUC
_dEG-GiCUC
_erda
041 _aeng
082 0 4 _221
_a341.48
_bDA.S
092 0 4 _221
099 _aLaw1 11 341.48 DA.S 1974
100 1 _aDavidson , Kenneth M.
_eAuthor.
245 _aSex Based Discrimination :
_bText, Cases And Materials /
_cKenneth M. Davidson .
264 _aUnited States :
_bWest Publishing Company ,
_c1974 .
300 _a1031 pages ,
_c24 cm
336 _2rda content
_atext
337 _2rda media
_aComputer
338 _2rda carrier
_aOnline Resource
490 _aAmerican Casebook Series
500 _aIncludes Index Pages 1021-1031.
546 _aText in English
650 1 _aHuman rights
651 1 _2qrmak
700 1 _aRuth B. Ginsburg
_ejoint author.
700 1 _aHerma H. Kay
_ejoint author.
856 4 0 _uhttps://fll.law.cu.edu.eg/fulltext/bks/B11-09197.pdf
905 _a60
942 _2ddc
_cBK
_e21
_n0
999 _c66550
_d66550